| 000 | 00437nam a2200169Ia 4500 | ||
|---|---|---|---|
| 003 | GCL | ||
| 008 | 140319s9999 xx 000 0 ara d | ||
| 040 |
_aGCL / _cGCL |
||
| 082 | 0 | 4 |
_a813.03 _bح ح |
| 100 | 1 | _aحنان الشيخ | |
| 245 | 1 | 0 |
_aحكاية زهرة / _cحنان الشيخ |
| 300 | _a247 ص | ||
| 490 |
_aكتاب _v0 |
||
| 650 | 0 | 4 | _aالادب العربى |
| 650 | 0 | 4 | _aالقصص الروائية |
| 942 |
_2ddc _cBK |
||
| 999 |
_c41919 _d41919 |
||